000 00580nam a2200193Ia 4500
005 20250508160450.0
008 008 250505s9999 xx 000 0 eng d
037 _aTextual
040 _aFEDL
_beng
_cFEDL
041 _aeng
_2eng
084 _a305.4, HAT
_qFEDL
100 _aHate Chandrakala A.
_9240328
245 0 _aChanging status of women : In post-Independence India
260 _aBombay, India
_bAllied Publishers Private Limited
_c1969
300 _axii,284p.
650 _aSocial Structure
942 _cTEXL
_h305.4, HAT
999 _c1364772
_d1364772